[Event "31. DSenEM2019 Gruppe 65+"]
[Site "Radebeul"]
[Date "2019.04.29"]
[Round "4.26"]
[White "Scharff, Klaus"]
[Black "Bogorad, Michail"]
[Result "1-0"]
[BlackElo "2104"]
[BlackTeam "Bahn-SC Wuppertal"]
[EventDate "2019.??.??"]
[PlyCount "73"]
[WhiteElo "1918"]
[WhiteTeam "SV Opladen"]

1. Nf3 c5 2. g3 Nc6 3. Bg2 g6 4. d3 Bg7 5. e4 d6 6. h3 b5 7. Nbd2 a5 8. a3 Bd7
9. O-O a4 10. Ne1 h5 11. f4 Nh6 12. Ndf3 Qc8 13. Kh2 Nd4 14. e5 Ndf5 15. exd6
exd6 16. Qe2+ Kf8 17. Nh4 Nd4 18. Qd1 Rb8 19. Nef3 b4 20. Ng5 b3 21. c3 Nc2 22.
Rb1 Nf5 23. Bd5 Nfe3 24. Bxe3 Nxe3 25. Qf3 Nxf1+ 26. Rxf1 Be8 27. f5 gxf5 28.
Nxf5 Be5 29. Ne6+ fxe6 30. Nxd6+ Ke7 31. Nxc8+ Rxc8 32. Qe4 Kd6 33. Re1 exd5
34. Qxe5+ Kc6 35. Qxh8 Bd7 36. Qf6+ Kb5 37. Qd6  1-0

[Event "31. DSenEM2019 Gruppe 65+"]
[Site "Radebeul"]
[Date "2019.04.29"]
[Round "4.27"]
[White "Blosze, Winfried"]
[Black "Dekan, Hans"]
[Result "0-1"]
[BlackElo "2102"]
[BlackTeam "SC Eppingen"]
[EventDate "2019.??.??"]
[PlyCount "46"]
[WhiteElo "1914"]
[WhiteTeam "SV Großauheim"]

1. e4 c5 2. Nf3 Nc6 3. d4 cxd4 4. c3 d5 5. exd5 Qxd5 6. Nxd4 e5 7. Nxc6 Qxd1+ 8.
Kxd1 bxc6 9. Bc4 Nf6 10. Re1 Bd6 11. Bf4 Bg4+ 12. f3 O-O-O 13. Bg3 Bh5 14. Kc1
Rhe8 15. Nd2 e4 16. Ba6+ Kc7 17. Bxd6+ Rxd6 18. fxe4 Red8 19. e5 Rxd2 20. exf6
gxf6 21. Bf1 Bg6 22. a3 Rc2+ 23. Kb1 Rdd2  0-1

[Event "31. DSenEM2019 Gruppe 65+"]
[Site "Radebeul"]
[Date "2019.04.29"]
[Round "4.28"]
[White "Nosek, Reinhard"]
[Black "Hanisch, Friedrich"]
[Result "0-1"]
[BlackElo "2095"]
[BlackTeam "SV Altensittenbach"]
[EventDate "2019.??.??"]
[PlyCount "82"]
[WhiteElo "1913"]
[WhiteTeam "SF Torgau"]

1. d4 d5 2. Bf4 Nf6 3. Nd2 c5 4. e3 Nc6 5. Ngf3 e6 6. c3 Bd6 7. Bg3 O-O 8. Bd3
Re8 9. Ne5 Qc7 10. f4 g6 11. Bh4 Be7 12. Qf3 Ne4 13. Bxe7 Nxd2 14. Kxd2 Qxe7
15. h4 f6 16. Nxc6 bxc6 17. h5 g5 18. fxg5 fxg5 19. Raf1 Bd7 20. dxc5 Rf8 21.
Qg3 e5 22. e4 Rf4 23. Rxf4 exf4 24. Qf3 Qxc5 25. exd5 Re8 26. Re1 Rxe1 27. Kxe1
cxd5 28. Bc2 Bb5 29. b4 Qe7+ 30. Kd1 Bc4 31. Bb3 Bxb3+ 32. axb3 Qe4 33. Kd2 Kf7
34. c4 Qd4+ 35. Qd3 Qb2+ 36. Qc2 Qxc2+ 37. Kxc2 Ke6 38. Kd3 Ke5 39. b5 g4 40.
c5 g3 41. Ke2 d4  0-1

[Event "31. DSenEM2019 Gruppe 65+"]
[Site "Radebeul"]
[Date "2019.04.29"]
[Round "4.29"]
[White "Siegmund, Rainer"]
[Black "Hadlich, Winfried"]
[Result "1/2-1/2"]
[BlackElo "1854"]
[BlackTeam "SV Holstein Quickborn"]
[EventDate "2019.??.??"]
[PlyCount "92"]
[WhiteElo "2093"]
[WhiteTeam "SV Dresden-Striesen"]

1. d4 d5 2. c4 c6 3. Nf3 Bf5 4. Nc3 Nf6 5. Qb3 b6 6. cxd5 cxd5 7. Ne5 e6 8. e3
Bd6 9. Bb5+ Kf8 10. f4 Ne4 11. O-O f6 12. Nxe4 Bxe4 13. Bd2 a6 14. Bd3 Bxd3 15.
Nxd3 Nc6 16. Rac1 Na5 17. Bxa5 bxa5 18. Rc6 Qd7 19. Rfc1 Rb8 20. Qc2 Kf7 21.
Rxa6 Rhc8 22. Rc6 Rxc6 23. Qxc6 Qxc6 24. Rxc6 Bb4 25. Rc7+ Kg6 26. Kf2 h5 27.
g3 Bf8 28. Kf3 a4 29. Ra7 a3 30. b3 Rc8 31. Nc5 Bxc5 32. dxc5 Rxc5 33. Rxa3 Rc3
34. Ra4 Rc2 35. a3 Rxh2 36. Ra6 h4 37. Rxe6 Rh3 38. Kg4 Rxg3+ 39. Kxh4 Rg2 40.
a4 Kf5 41. Re7 d4 42. exd4 Kxf4 43. Kh3 Rg3+ 44. Kh2 Rxb3 45. Rxg7 Rb4 46. Rg1
Rxa4  1/2-1/2

[Event "31. DSenEM2019 Gruppe 65+"]
[Site "Radebeul"]
[Date "2019.04.29"]
[Round "4.30"]
[White "Just, Gabriele"]
[Black "Meier, Wolfgang"]
[Result "1/2-1/2"]
[Annotator "lenovo"]
[BlackElo "2092"]
[BlackTeam "SSV Altenberg"]
[EventDate "2019.??.??"]
[PlyCount "70"]
[WhiteElo "1855"]
[WhiteTeam "SG Leipzig"]

1. d4 Nf6 2. Nf3 d5 3. Bg5 c6 4. Nbd2 Nbd7 5. e3 h6 6. Bxf6 Nxf6 7. Bd3 Bg4 8.
c3 e6 9. Qb3 Qb6 10. Ne5 Bf5 11. Bxf5 exf5 12. f3 Bd6 13. Nd3 O-O 14. O-O Rfe8
15. Rfe1 Re7 16. c4 Qc7 17. Nf1 dxc4 18. Qxc4 Rae8 19. Nf2 Qb6 20. Re2 Bb8 21.
Qd3 g6 22. Rae1 a6 23. Kh1 Ba7 24. Qa3 c5 25. dxc5 Qxc5 26. Qxc5 Bxc5 27. a3
Nd5 28. Nd1 Bb6 29. g3 Ba5 30. b4 Bb6 31. Kg2 g5 32. e4 g4 33. fxg4 fxe4 34.
Nfe3 Nxe3+ 35. Nxe3 Bxe3  1/2-1/2

[Event "31. DSenEM2019 Gruppe 65+"]
[Site "Radebeul"]
[Date "2019.04.29"]
[Round "4.31"]
[White "Andrienko, Anatoliy"]
[Black "Esswein, Karlheinz"]
[Result "0-1"]
[BlackElo "2077"]
[BlackTeam "SK Ludwigshafen"]
[EventDate "2019.??.??"]
[PlyCount "54"]
[WhiteElo "1828"]
[WhiteTeam "SF Köln-Longerich"]

1. e4 d6 2. d4 Nf6 3. Bd3 Nbd7 4. Nf3 e5 5. Bg5 Be7 6. O-O O-O 7. c3 c6 8. Qc2
Qc7 9. Nbd2 Re8 10. Rac1 Nf8 11. h3 Ng6 12. Nc4 b5 13. Ncd2 Rb8 14. b3 Nh5 15.
Bxe7 Qxe7 16. c4 b4 17. c5 Nhf4 18. cxd6 Qxd6 19. Nc4 Qf6 20. dxe5 Nxh3+ 21.
Kh1 Qf4 22. Qd2 Qg4 23. Ne3 Qh5 24. Be2 Nxf2+ 25. Kg1 Nxe4 26. Qc2 Nc3 27. Nd4
Qxe5  0-1

[Event "31. DSenEM2019 Gruppe 65+"]
[Site "Radebeul"]
[Date "2019.04.29"]
[Round "4.32"]
[White "Kreutzkamp, Hans-Rudolf"]
[Black "Kanibalotska, Elisabeth"]
[Result "1/2-1/2"]
[Annotator "lenovo"]
[BlackElo "1794"]
[BlackTeam "SV Lok Dresden"]
[EventDate "2019.??.??"]
[PlyCount "93"]
[WhiteElo "2068"]
[WhiteTeam "SK Union Eimsbuettel"]

1. e4 d6 2. d4 Nf6 3. Bd3 e5 4. d5 Be7 5. c4 Na6 6. Nc3 Nc5 7. Bc2 a5 8. h3 b6
9. Nge2 Bd7 10. b3 h6 11. Ng3 Nh7 12. Be3 Bg5 13. Qd2 Bxe3 14. Qxe3 Nf6 15. f4
exf4 16. Qxf4 Qe7 17. O-O Qe5 18. Qxe5+ dxe5 19. a3 Nb7 20. b4 O-O 21. Kf2 g6
22. Ke3 Kg7 23. Ba4 Bxa4 24. Nxa4 Nd7 25. Kd3 axb4 26. axb4 Rxa4 27. Rxa4 Nbc5+
28. bxc5 Nxc5+ 29. Kc3 Nxa4+ 30. Kb4 Nc5 31. Kb5 Ra8 32. Kc6 Ra7 33. Rb1 Kf8
34. d6 cxd6 35. Kxd6 Nd7 36. Nf1 Nc5 37. Rxb6 Nxe4+ 38. Kxe5 Re7+ 39. Kd4 Ng5
40. Rb8+ Kg7 41. c5 Ne6+ 42. Kc4 Nxc5 43. Kxc5 Re1 { ( = )}  44. Nh2 Re2 45.
Nf3 Rxg2 46. Kd4 Rg3 47. Ke4 { ( = )}   1/2-1/2

[Event "31. DSenEM2019 Gruppe 65+"]
[Site "Radebeul"]
[Date "2019.04.29"]
[Round "4.33"]
[White "Jacob, Barbara"]
[Black "Selig, Rainer"]
[Result "0-1"]
[BlackElo "2048"]
[BlackTeam "SpV Ebersbach/SA"]
[EventDate "2019.??.??"]
[PlyCount "48"]
[WhiteElo "1776"]
[WhiteTeam "SK Ochtrup"]

1. e4 c6 2. d4 d5 3. e5 Bf5 4. Ne2 e6 5. Ng3 Bg6 6. h4 h6 7. Bd3 Bxd3 8. Qxd3 c5
9. dxc5 Qc7 10. O-O Qxe5 11. Qb5+ Nd7 12. c6 bxc6 13. Qxc6 Rb8 14. Nc3 Bc5 15.
Nce2 Ne7 16. Qa4 Rb4 17. Qa6 Rxh4 18. Qd3 O-O 19. c3 f5 20. Be3 f4 21. Bd4 fxg3
22. Nxg3 Bxd4 23. cxd4 Qxd4 24. Qe2 Qf6  0-1

[Event "31. DSenEM2019 Gruppe 65+"]
[Site "Radebeul"]
[Date "2019.04.29"]
[Round "4.34"]
[White "Raitza, Egon"]
[Black "Zunker, Reinhard"]
[Result "1/2-1/2"]
[BlackElo "2046"]
[BlackTeam "SV Hofheim"]
[EventDate "2019.??.??"]
[PlyCount "51"]
[WhiteElo "1704"]
[WhiteTeam "SSC Rostock"]

1. d4 c6 2. c4 Nf6 3. Nf3 g6 4. Nc3 Bg7 5. e4 d6 6. Be2 O-O 7. O-O a6 8. h3 b5
9. e5 Nfd7 10. exd6 exd6 11. Bf4 Nf6 12. Bd3 Re8 13. Re1 Rxe1+ 14. Qxe1 Ra7 15.
Qd2 Be6 16. b3 Qf8 17. Re1 Nh5 18. Be3 Rd7 19. d5 Bxc3 20. Qxc3 cxd5 21. cxb5
axb5 22. Bxb5 Rb7 23. a4 Bd7 24. Nd4 Qd8 25. Rc1 f5 26. Bxd7  1/2-1/2

[Event "31. DSenEM2019 Gruppe 65+"]
[Site "Radebeul"]
[Date "2019.04.29"]
[Round "4.35"]
[White "Orlova, Liubov"]
[Black "Werner, Clemens"]
[Result "0-1"]
[BlackElo "2292"]
[BlackTeam "SK Ettlingen"]
[EventDate "2019.??.??"]
[PlyCount "100"]
[WhiteElo "1988"]
[WhiteTeam "TSV IFA Chemnitz"]

1. Nf3 c5 2. c4 g6 3. g3 Bg7 4. Bg2 Nc6 5. Nc3 d6 6. O-O Rb8 7. d3 a6 8. Rb1 b5
9. cxb5 axb5 10. e3 Nf6 11. Ng5 Bd7 12. Nd5 Nxd5 13. Bxd5 e6 14. Nxf7 Kxf7 15.
Qf3+ Bf6 16. Bxc6 Bxc6 17. Qxc6 Rb6 18. Qf3 Kg7 19. Qg4 d5 20. Bd2 h5 21. Qe2
Qa8 22. a3 Rf8 23. Rfc1 c4 24. dxc4 bxc4 25. Bb4 Rc8 26. Qd2 Qb7 27. Bc3 Qf7
28. Bd4 Rb3 29. Ra1 Rcb8 30. Rc2 Bxd4 31. Qxd4+ Qf6 32. Qxf6+ Kxf6 33. Ra2 Ke5
34. Kf1 Kd6 35. Ke2 Kc5 36. Kd2 e5 37. Kc1 d4 38. exd4+ exd4 39. f4 Rf3 40. b4+
Kd5 41. Rf2 Rxf2 42. Rxf2 c3 43. f5 gxf5 44. Rxf5+ Kc4 45. b5 Re8 46. Kd1 d3
47. Rf4+ Kb3 48. Rb4+ Kxa3 49. Rc4 Kb3 50. Rc6 d2  0-1

[Event "31. DSenEM2019 Gruppe 65+"]
[Site "Radebeul"]
[Date "2019.04.29"]
[Round "4.36"]
[White "Strehlow, Horst"]
[Black "Partenheimer, Axel"]
[Result "0-1"]
[BlackElo "2182"]
[BlackTeam "Düsseldorfer SK"]
[EventDate "2019.??.??"]
[PlyCount "124"]
[WhiteElo "1946"]

1. e4 c5 2. Nf3 e6 3. d4 cxd4 4. Nxd4 Nc6 5. Nb5 d6 6. a4 a6 7. N5c3 Nf6 8. Be2
Be7 9. Be3 O-O 10. f4 Qc7 11. O-O b6 12. Nd2 Rb8 13. Qe1 Nd7 14. Nf3 Bf6 15.
Rd1 Nc5 16. Nd4 Bb7 17. Bf3 Nxd4 18. Bxd4 Bxd4+ 19. Rxd4 e5 20. fxe5 dxe5 21.
Rd2 Rbd8 22. b3 Ne6 23. Nd5 Bxd5 24. Rxd5 Qxc2 25. Qd1 Qc7 26. Be2 Nf4 27. Rd2
Rxd2 28. Qxd2 Rd8 29. Qe3 Nxe2+ 30. Qxe2 Qc5+ 31. Kh1 Qc7 32. h3 f6 33. Qg4 Qc6
34. Rf3 Rd1+ 35. Kh2 Qd7 36. Qg3 Rd6 37. Rc3 Rd4 38. Qf3 h6 39. Qe3 Rd6 40. Qc1
Qe7 41. Rc7 Rd7 42. Rc6 Qb4 43. Rc8+ Kh7 44. Qc6 Qd6 45. Qc4 Qd2 46. Qf1 Qf4+
47. Qxf4 exf4 48. Rb8 Rd6 49. Kg1 g5 50. Kf2 Kg6 51. Ke2 Kh5 52. Rh8 Rd4 53.
Re8 Rb4 54. e5 fxe5 55. Rxe5 Rxb3 56. Re6 Rb4 57. Kf3 Rxa4 58. Rxb6 Rc4 59.
Rxa6 Rc3+ 60. Kf2 Rc2+ 61. Kg1 Rb2 62. Kh1 Kh4  0-1

[Event "31. DSenEM2019 Gruppe 65+"]
[Site "Radebeul"]
[Date "2019.04.29"]
[Round "4.37"]
[White "Bieberle, Gerhart"]
[Black "Falk, Thomas"]
[Result "1/2-1/2"]
[BlackElo "2135"]
[BlackTeam "SV Oberursel"]
[EventDate "2019.??.??"]
[PlyCount "36"]
[WhiteElo "1941"]
[WhiteTeam "PTSV Aachen"]

1. d4 d5 2. Bf4 e6 3. e3 Nf6 4. Nf3 Bd6 5. Bxd6 Qxd6 6. Bd3 O-O 7. O-O c5 8. c3
Nbd7 9. Nbd2 e5 10. dxe5 Nxe5 11. Nxe5 Qxe5 12. Nf3 Qh5 13. h3 Be6 14. Nh2 Qxd1
15. Rfxd1 Rfd8 16. Nf3 h6 17. Bc2 Kf8 18. Kf1 Ke7  1/2-1/2

[Event "31. DSenEM2019 Gruppe 65+"]
[Site "Radebeul"]
[Date "2019.04.29"]
[Round "4.38"]
[White "Villing, Dieter"]
[Black "Rache, Ralf"]
[Result "1-0"]
[BlackElo "1903"]
[BlackTeam "Aachener SV"]
[EventDate "2019.??.??"]
[PlyCount "76"]
[WhiteElo "2100"]
[WhiteTeam "SK Ludwigshafen"]

1. e4 c5 2. Nf3 Nc6 3. Bb5 g6 4. O-O Bg7 5. Re1 Nf6 6. c3 O-O 7. d4 Qb6 8. a4 a6
9. Bf1 d6 10. h3 e5 11. dxc5 dxc5 12. Na3 Be6 13. Nc4 Qc7 14. Qd6 Qxd6 15. Nxd6
b6 16. Ng5 Rfd8 17. Nxe6 fxe6 18. Nc4 b5 19. Nd2 c4 20. Nf3 h6 21. Nh2 Nh5 22.
g3 Nf6 23. Ng4 Nxg4 24. hxg4 Bf6 25. Be3 g5 26. Rad1 Be7 27. Be2 Bf8 28. Kg2
Rxd1 29. Rxd1 Na5 30. axb5 axb5 31. Ra1 Ra6 32. f4 b4 33. fxg5 hxg5 34. Bxg5
bxc3 35. bxc3 Bc5 36. Bxc4 Ra7 37. Bf6 Nc6 38. Rxa7 Nxa7  1-0

[Event "31. DSenEM2019 Gruppe 65+"]
[Site "Radebeul"]
[Date "2019.04.29"]
[Round "4.40"]
[White "Boeven, Manfred"]
[Black "Reimann, Günther"]
[Result "1/2-1/2"]
[Annotator "lenovo"]
[BlackElo "1880"]
[BlackTeam "SC Magstadt"]
[EventDate "2019.??.??"]
[PlyCount "91"]
[WhiteElo "2066"]
[WhiteTeam "SF Geilenkirchen"]

1. d4 e6 2. Nc3 d5 3. Nf3 f5 4. Bf4 c6 5. e3 Nf6 6. Bd3 Bd6 7. O-O O-O 8. Ne5
Bxe5 9. Bxe5 Qe7 10. f3 Nbd7 11. Bxf6 Qxf6 12. f4 Qh6 13. Rf3 Nf6 14. Qd2 Ne4
15. Nxe4 fxe4 16. Rh3 Qg6 17. Be2 Qf7 18. Rf1 g6 19. g4 Qg7 20. Qb4 a5 21. Qc5
Rf7 22. Rg3 Qf8 23. Qxf8+ Rxf8 24. h4 Bd7 25. g5 b5 26. c3 Kf7 27. h5 gxh5 28.
Bxh5+ Kg7 29. Bg4 Rae8 30. Rh3 Re7 31. Kg2 Be8 32. Rfh1 Bg6 33. Rh6 Kg8 34. Bh5
Rg7 35. Bxg6 hxg6 36. Kf2 Kf7 37. Ke2 Rb8 38. Kd2 Rc8 39. Rh8 Rxh8 40. Rxh8 Rg8
41. Rxg8 Kxg8 42. Kc2 Kf7 43. Kb3 Ke7 44. a4 Kd6 45. Ka3 Ke7 46. Kb3 { ( = )}  
1/2-1/2

[Event "31. DSenEM2019 Gruppe 65+"]
[Site "Radebeul"]
[Date "2019.04.29"]
[Round "4.41"]
[White "Fleischer, Matthias"]
[Black "Eskandary, Jahya"]
[Result "1/2-1/2"]
[BlackElo "2062"]
[BlackTeam "SV Lok Dresden"]
[EventDate "2019.??.??"]
[PlyCount "45"]
[WhiteElo "1923"]
[WhiteTeam "SV Einheit Schwerin"]

1. d4 d6 2. Nf3 Nd7 3. c4 e5 4. e4 Ngf6 5. Nc3 c6 6. Be3 Be7 7. h3 a6 8. Qd2 Qc7
9. Bd3 b5 10. O-O Bb7 11. Rfc1 Qb8 12. a3 O-O 13. d5 bxc4 14. Bxc4 c5 15. Qd3
Ne8 16. g4 g6 17. Bh6 Ng7 18. Bxg7 Kxg7 19. b4 Qc8 20. b5 a5 21. Na4 Bd8 22.
Rab1 Nb6 23. Nxb6  1/2-1/2

[Event "31. DSenEM2019 Gruppe 65+"]
[Site "Radebeul"]
[Date "2019.04.29"]
[Round "4.42"]
[White "Werl, Ralf-Dieter"]
[Black "Lomer, Edmund"]
[Result "0-1"]
[BlackElo "2053"]
[BlackTeam "Eckernförder SC"]
[EventDate "2019.??.??"]
[PlyCount "64"]
[WhiteElo "1904"]
[WhiteTeam "SV Motor Hainichen"]

1. e4 d5 2. exd5 Qxd5 3. Nc3 Qa5 4. d4 c6 5. Bc4 Nf6 6. Bd2 Qb6 7. Nge2 Bf5 8.
Bb3 e6 9. Ng3 Bg6 10. Qe2 Nbd7 11. h4 h5 12. O-O-O O-O-O 13. Bf4 Qb4 14. Nce4
Nxe4 15. Nxe4 Bxe4 16. Qxe4 Bd6 17. Be3 Nf6 18. Qf3 Rd7 19. Rd3 Qa5 20. Qe2 Qc7
21. f3 Bf4 22. c3 Rhd8 23. Qd2 Bxe3 24. Qxe3 Qg3 25. Qg5 Qd6 26. Qxg7 Qf4+ 27.
Kb1 Rg8 28. Qxf7 Rxf7 29. Bxe6+ Nd7 30. g4 hxg4 31. fxg4 Rxg4 32. Bxg4 Qxg4 
0-1

[Event "31. DSenEM2019 Gruppe 65+"]
[Site "Radebeul"]
[Date "2019.04.29"]
[Round "4.43"]
[White "Westphal, Norbert"]
[Black "Klein, Reinhard"]
[Result "1/2-1/2"]
[BlackElo "1863"]
[BlackTeam "Münchener SC"]
[EventDate "2019.??.??"]
[PlyCount "36"]
[WhiteElo "2048"]
[WhiteTeam "BSV Chemie Radebeul"]

1. Nf3 d5 2. g3 c5 3. c3 e6 4. Bg2 Nf6 5. O-O Nc6 6. d4 Be7 7. Nbd2 O-O 8. Ne5
cxd4 9. Nxc6 bxc6 10. cxd4 Qb6 11. e3 Ba6 12. Re1 Rab8 13. a3 Rfd8 14. b4 Bd3
15. Nb3 Be4 16. f3 Bg6 17. Bf1 Nd7 18. Bd3 Bf6  1/2-1/2

[Event "31. DSenEM2019 Gruppe 65+"]
[Site "Radebeul"]
[Date "2019.04.29"]
[Round "4.44"]
[White "Vasiljev, Jurij"]
[Black "Dellos, Peter"]
[Result "1-0"]
[BlackElo "1858"]
[BlackTeam "SK Ricklingen"]
[EventDate "2019.??.??"]
[PlyCount "110"]
[WhiteElo "2042"]
[WhiteTeam "SF Moers"]

1. d4 d5 2. c4 c6 3. Nf3 Nf6 4. Nc3 e6 5. e3 Bb4 6. Bd2 O-O 7. Bd3 Nbd7 8. O-O
dxc4 9. Bxc4 b6 10. Qb3 Bxc3 11. Bxc3 Qc7 12. Rac1 Re8 13. Bd3 g6 14. e4 Bb7
15. e5 Nd5 16. Bd2 Qd8 17. Bb1 c5 18. dxc5 Nxc5 19. Rxc5 bxc5 20. Qxb7 Qb6 21.
Qxb6 axb6 22. a3 Red8 23. Be4 Ra4 24. Bc2 Raa8 25. Rc1 Nc7 26. Be4 Ra7 27. Kf1
Nb5 28. Ke2 Nc7 29. Rc2 Nd5 30. g3 Ra4 31. Bd3 Ne7 32. Bb5 Ra7 33. Bc3 Nd5 34.
Nd2 Nc7 35. Bc6 Nd5 36. Nc4 Nxc3+ 37. Rxc3 Rc7 38. Bb5 Rb7 39. Nd6 Rbb8 40. f4
Kf8 41. g4 Ke7 42. b4 Ra8 43. bxc5 bxc5 44. a4 g5 45. Rxc5 Rxd6 46. exd6+ Kxd6
47. Rc6+ Kd5 48. Rc7 Rf8 49. f5 exf5 50. gxf5 f6 51. a5 Rb8 52. Bd3 Rb2+ 53.
Rc2 Rb7 54. a6 Ra7 55. Rb2 Kc6  1-0

[Event "31. DSenEM2019 Gruppe 65+"]
[Site "Radebeul"]
[Date "2019.04.29"]
[Round "4.45"]
[White "Schubert, Joachim"]
[Black "Walther, Reinhard"]
[Result "1-0"]
[BlackElo "2042"]
[BlackTeam "SK Herzogenaurach"]
[EventDate "2019.??.??"]
[PlyCount "105"]
[WhiteElo "1863"]
[WhiteTeam "SC Friesen Lichtenberg"]

1. e4 e5 2. Nf3 d5 3. exd5 Bd6 4. Bb5+ Nd7 5. d4 e4 6. Ne5 Nf6 7. Nxd7 Nxd7 8.
c4 O-O 9. Be3 a6 10. Ba4 f5 11. g3 Nf6 12. Nc3 Rb8 13. Bb3 Kh8 14. h3 b5 15. c5
Be7 16. a3 a5 17. Bg5 b4 18. Bxf6 Bxf6 19. axb4 axb4 20. Ne2 g5 21. h4 gxh4 22.
gxh4 e3 23. fxe3 Re8 24. Kd2 Qe7 25. Qg1 Bg7 26. Qg5 Qf8 27. Nf4 Bh6 28. Qg3
Re4 29. Raf1 Ba6 30. Rf3 Qf6 31. Qf2 Rbe8 32. Re1 Rxe3 33. Rexe3 Qxd4+ 34. Ke1
Re4 35. Rxe4 Qxe4+ 36. Qe3 Qb1+ 37. Bd1 Qe4 38. Kf2 Bg7 39. Qxe4 fxe4 40. Rb3
Bd4+ 41. Ke1 Bxc5 42. Be2 Bb7 43. Bc4 Bd6 44. Ne2 Bc8 45. Nd4 Bd7 46. Bb5 Bg4
47. Re3 h5 48. Be2 Be7 49. Rxe4 Bxh4+ 50. Kd1 Bxe2+ 51. Nxe2 Bf6 52. Rxb4 h4
53. Nf4  1-0

[Event "31. DSenEM2019 Gruppe 65+"]
[Site "Radebeul"]
[Date "2019.04.29"]
[Round "4.46"]
[White "Kurpiela, Franz"]
[Black "Seidel, Arnold"]
[Result "0-1"]
[BlackElo "2018"]
[BlackTeam "Kali Wolmirstedt"]
[EventDate "2019.??.??"]
[PlyCount "90"]
[WhiteElo "1731"]
[WhiteTeam "TSG Öhringen"]

1. e4 e5 2. Nf3 Nc6 3. Bb5 Bc5 4. O-O Nd4 5. Nxd4 Bxd4 6. c3 Bb6 7. d4 Qf6 8.
Be3 Ne7 9. Na3 Nc6 10. Bxc6 dxc6 11. Nc4 Be6 12. Nxe5 O-O-O 13. Qh5 h6 14. a4
a5 15. Qe2 c5 16. f4 cxd4 17. cxd4 Bxd4 18. Bxd4 Rxd4 19. f5 Qxe5 20. fxe6 Rxe4
21. Qf2 fxe6 22. Rae1 Re8 23. Rxe4 Qxe4 24. Qa7 b6 25. Qa6+ Kb8 26. Qb5 Rd8 27.
h3 Qd5 28. Qe2 e5 29. Re1 Qd4+ 30. Kh2 Qf4+ 31. Kg1 Rd2 32. Qe3 Qxe3+ 33. Rxe3
Rd5 34. h4 Kc8 35. Rg3 Rd7 36. b3 Rf7 37. Re3 Rf5 38. Re4 Kd7 39. Rg4 g5 40.
hxg5 hxg5 41. b4 axb4 42. Rxb4 Rf4 43. Rxf4 gxf4 44. Kf2 Ke6 45. Kf3 Kd5  0-1

[Event "31. DSenEM2019 Gruppe 65+"]
[Site "Radebeul"]
[Date "2019.04.29"]
[Round "4.47"]
[White "Haase, Wolfgang"]
[Black "Wolter, Günter"]
[Result "0-1"]
[BlackElo "1849"]
[BlackTeam "TSG Neustrelitz"]
[EventDate "2019.??.??"]
[PlyCount "70"]
[WhiteElo "2013"]
[WhiteTeam "SVG Caissa Kassel"]

1. Nf3 d5 2. d4 Nf6 3. Bf4 Bf5 4. e3 e6 5. Bd3 Bxd3 6. cxd3 Bd6 7. Bg5 Nbd7 8.
Nc3 c6 9. e4 h6 10. e5 hxg5 11. exd6 g4 12. Ne5 Nb6 13. Nxg4 Qxd6 14. Ne5 Nbd7
15. Qe2 c5 16. Nxd7 Nxd7 17. dxc5 Nxc5 18. d4 Nd7 19. O-O-O Rxh2 20. g3 Rxh1
21. Rxh1 O-O-O 22. Nb5 Qb6 23. Kb1 a6 24. Nc3 Qxd4 25. Rh4 Qe5 26. Qd2 Nc5 27.
Rd4 Rh8 28. b4 Qf5+ 29. Kb2 Nd7 30. f4 Nb6 31. Kb3 Nc4 32. Qc1 Rh2 33. Nd1 b5
34. Ne3 Qf6 35. Qc3 Rb2+  0-1

[Event "31. DSenEM2019 Gruppe 65+"]
[Site "Radebeul"]
[Date "2019.04.29"]
[Round "4.48"]
[White "Fauth, Frank"]
[Black "Staub, Gerhard"]
[Result "0-1"]
[BlackElo "2010"]
[BlackTeam "SV Schwaikheim"]
[EventDate "2019.??.??"]
[PlyCount "146"]
[WhiteElo "1671"]
[WhiteTeam "SV Jena"]

1. d4 d5 2. c4 c6 3. e3 Bf5 4. Nc3 e6 5. a3 Nf6 6. Nf3 Be7 7. Bd3 Bxd3 8. Qxd3
O-O 9. O-O Nbd7 10. b3 Qc7 11. Bb2 Rac8 12. Rfc1 Qb8 13. b4 dxc4 14. Qxc4 e5
15. Nxe5 Nxe5 16. dxe5 Qxe5 17. Qe2 Bd6 18. g3 Qe6 19. Qf3 Rfd8 20. Ne2 Qd5 21.
Qxd5 Nxd5 22. Rd1 Be7 23. Rd3 Nb6 24. Rad1 Nc4 25. Bc1 Kf8 26. Rd4 Bf6 27.
Rxd8+ Rxd8 28. Rxd8+ Bxd8 29. Nd4 Bb6 30. Nb3 Ke7 31. Kg2 Ke6 32. Kf3 Kd5 33.
e4+ Ke5 34. Bf4+ Ke6 35. Bc1 f6 36. a4 a5 37. bxa5 Nxa5 38. Nd2 Bd4 39. Ke2 g5
40. f4 g4 41. Kd3 c5 42. Nf1 f5 43. e5 Kd5 44. Be3 c4+ 45. Kc2 Nc6 46. Bxd4
Kxd4 47. Nd2 Ne7 48. Nb1 Nd5 49. Na3 Nb4+ 50. Kd1 Kd5 51. Kd2 Na6 52. Nb5 Nc5
53. Nd6 Ne4+ 54. Nxe4 fxe4 55. a5 h5 56. Ke2 c3 57. Ke3 Kc4 58. e6 Kb3 59. e7
c2 60. e8=Q c1=Q+ 61. Kd4 Qd2+ 62. Ke5 Qxa5+ 63. Kf6 Qb6+ 64. Kg5 e3 65. f5 Qc5
66. Qe6+ Kc3 67. Qa2 Kd3 68. Qb1+ Ke2 69. Qb2+ Kf3 70. Qb3 Kf2 71. Qa4 e2 72.
Kf4 Kg1 73. Qe4 Qc1+  0-1

[Event "31. DSenEM2019 Gruppe 65+"]
[Site "Radebeul"]
[Date "2019.04.29"]
[Round "4.49"]
[White "Grube, Kurt"]
[Black "Kahn, Peter"]
[Result "1/2-1/2"]
[Annotator "lenovo"]
[BlackElo "1994"]
[BlackTeam "Siebenlehner SV"]
[EventDate "2019.??.??"]
[PlyCount "72"]
[WhiteElo "1594"]
[WhiteTeam "SG Osnabrück"]

1. Nf3 d5 2. d4 Nf6 3. c4 c6 4. Nc3 e6 5. Bg5 Nbd7 6. e3 Qa5 7. Nd2 Bb4 8. Qc2
Ne4 9. Ndxe4 dxe4 10. Bf4 O-O 11. Be2 e5 12. dxe5 Nxe5 13. O-O f5 14. a3 Be7
15. b4 Qc7 16. Rfd1 Be6 17. Rd2 g5 18. Bxe5 Qxe5 19. Rad1 Rad8 20. Rd4 Bf6 21.
Na4 b6 22. c5 b5 23. Nc3 Be7 24. g3 a6 25. Bf1 Bf7 26. Ne2 Rd5 27. Qc3 Qc7 28.
Rxd5 Bxd5 29. Nd4 Bf6 30. Qd2 Be5 31. Bh3 g4 32. Bg2 Qg7 33. Ne2 h5 34. Nf4
Bxf4 35. exf4 Ra8 36. Bf1 Qf6 { ( = )}   1/2-1/2

[Event "31. DSenEM2019 Gruppe 65+"]
[Site "Radebeul"]
[Date "2019.04.29"]
[Round "4.51"]
[White "Kracht, Helmut"]
[Black "Hellwege, Werner"]
[Result "1/2-1/2"]
[Annotator "lenovo"]
[BlackElo "1845"]
[BlackTeam "HSK Lister Turm"]
[EventDate "2019.??.??"]
[PlyCount "46"]
[WhiteElo "1989"]
[WhiteTeam "SK Kaltenkirchen"]

1. e4 c5 2. Nc3 e6 3. g3 b6 4. Bg2 Bb7 5. d3 g6 6. f4 Bg7 7. Nf3 Ne7 8. O-O Nbc6
9. Ne2 O-O 10. c3 Rc8 11. Ng5 f6 12. Nf3 d5 13. e5 fxe5 14. Ng5 Qd7 15. Bh3 Nf5
16. fxe5 Bxe5 17. Nf4 Bxf4 18. Bxf4 e5 19. Bd2 Qe7 20. Qe2 Rce8 21. Rae1 Nd8
22. Rf2 h6 23. Nf3 Nf7 { ( = )}   1/2-1/2

[Event "31. DSenEM2019 Gruppe 65+"]
[Site "Radebeul"]
[Date "2019.04.29"]
[Round "4.52"]
[White "Lekakh, Mikhail"]
[Black "Molzahn, Norbert"]
[Result "1-0"]
[BlackElo "2068"]
[BlackTeam "SV Motor Hainichen"]
[EventDate "2019.??.??"]
[PlyCount "95"]
[WhiteElo "1841"]
[WhiteTeam "Oberbilker SV"]

1. e4 c5 2. Nf3 Nc6 3. Bb5 g6 4. Bxc6 bxc6 5. O-O Bg7 6. d3 Nf6 7. Bd2 Rb8 8.
Bc3 O-O 9. b3 d6 10. h3 e5 11. Nbd2 Nh5 12. Nh2 Nf4 13. Ndf3 h6 14. Bd2 Be6 15.
Re1 Qd7 16. Bxf4 exf4 17. Rb1 d5 18. e5 g5 19. Nd2 a5 20. a4 Rfd8 21. Qe2 Qc7
22. Ng4 Bf5 23. Nf3 Re8 24. Qd2 Re6 25. Qc3 Qa7 26. d4 Rbe8 27. dxc5 Bxg4 28.
hxg4 Qc7 29. Kf1 Bxe5 30. Nxe5 Rxe5 31. Rxe5 Rxe5 32. Re1 f6 33. Rxe5 fxe5 34.
Qd3 e4 35. Qc3 Qd8 36. Qe5 Qf8 37. Qe6+ Kh8 38. Qxc6 f3 39. Qxd5 fxg2+ 40. Kg1
Qf4 41. Qf5 Qc1+ 42. Kxg2 Qxc2 43. Qf8+ Kh7 44. Qf7+ Kh8 45. Qc4 Qd1 46. Qxe4
Qxb3 47. c6 Qf7 48. Qd4+  1-0